000 00334nam a22001457a 4500
020 _a0-07-463010-5
041 _aENG
100 _aAroro.C.P
245 _aRefrigeration and Air Conditioning
250 _aSecond Ed
260 _aNew Delhi
_bTata McGraw-Hill Pub
_c2000
300 _a987
650 _aAPE
856 _uAPE ( 10 )
999 _c1782
_d1782